مكتبة جامعة عجلون الوطنية

فهرس بحث المكتبة

Normal view MARC view
  • التحكيم التجاري -- التحكيم القضائي -- مصر-- التحكيم -- قوانين وتشريعات -- مصر

Entry Topical Term

Number of records used in: 1

001 - CONTROL NUMBER

  • control field: 44272

003 - CONTROL NUMBER IDENTIFIER

  • control field: JO-AjAnu

005 - DATE AND TIME OF LATEST TRANSACTION

  • control field: 20230606081330.0

008 - FIXED-LENGTH DATA ELEMENTS

  • fixed length control field: 230606|| aca||aabn | a|a d

040 ## - CATALOGING SOURCE

  • Original cataloging agency: JO-AjAnu
  • Transcribing agency: JO-AjAnu

150 ## - HEADING--TOPICAL TERM

  • Topical term or geographic name entry element: التحكيم التجاري -- التحكيم القضائي -- مصر-- التحكيم -- قوانين وتشريعات -- مصر

670 ## - SOURCE DATA FOUND

  • Source citation: Work cat.: (JO-AjAnu)22670: عمر، نبيل اسماعيل, author 44271, التحكيم في المواد المدنية والتجارية الوطنية والدولية : اتفاق التحكيم-خصومة التحكيم-حكم المحكم وفقا لأحدث التعديلات التشريعية والقضائية